[Event "EU-ch U14 Girls 24th"]
[Site "Batumi"]
[Date "2014.10.23"]
[Round "5"]
[White "Hasanzada, Ulkar"]
[Black "Stanimirovic, Ivana"]
[Result "1-0"]
[WhiteElo "1603"]
[BlackElo "1762"]
[PlyCount "87"]
[EventDate "2014.10.19"]
[EventType "swiss"]
[EventRounds "9"]
[EventCountry "GEO"]
[SourceTitle "EXT 2016"]
[Source "ChessBase"]
[SourceDate "2015.10.08"]
[SourceVersion "1"]
[SourceVersionDate "2015.10.08"]
[SourceQuality "1"]

1. d4 d5 2. c4 c6 3. e3 Nf6 4. Nf3 e6 5. Nc3 Be7 6. Bd3 dxc4 7. Bxc4 b5 8. Bd3 Bb7 9. 0-0 0-0 10. e4 a6 11. Be3 c5 12. dxc5 b4 13. Na4 Bxe4 14. Bxe4 Nxe4 15. Qc2 Nf6 16. Nb6 Ra7 17. Rfd1 Qc7 18. Rac1 Nc6 19. Nd4 Kh8 20. Qa4 Nxd4 21. Rxd4 a5 22. Qb5 Qb8 23. a4 Rd8 24. Rxd8+ Qxd8 25. c6 Ng4 26. c7 Rxc7 27. Rxc7 Qd1+ 28. Qf1 Qd6 29. Rc8+ Bd8 30. Rxd8+ Qxd8 31. Nc4 f5 32. h3 Nxe3 33. fxe3 Qd5 34. Qf3 Qd8 35. Qc6 h6 36. Qxe6 Qd1+ 37. Kh2 Qf1 38. Ne5 Qf2 39. Qe8+ Kh7 40. Qg6+ Kg8 41. Qe6+ Kh7 42. b3 f4 43. Qf5+ Kg8 44. Qxf4 1-0

[Event "SRB-ch U14 Girls"]
[Site "Subotica"]
[Date "2014.04.20"]
[Round "5"]
[White "Gajcin, Marina"]
[Black "Stanimirovic, Ivana"]
[Result "1-0"]
[WhiteElo "1845"]
[BlackElo "1604"]
[PlyCount "73"]
[EventDate "2014.04.17"]
[EventType "swiss"]
[EventRounds "9"]
[EventCountry "SRB"]
[SourceTitle "CBM 160 Extra"]
[Source "ChessBase"]
[SourceDate "2014.07.01"]
[SourceVersion "1"]
[SourceVersionDate "2014.07.01"]
[SourceQuality "1"]

1. e4 c6 2. Nf3 d5 3. Nc3 Bg4 4. h3 Bxf3 5. Qxf3 e6 6. Be2 Nf6 7. 0-0 dxe4 8. Nxe4 Nxe4 9. Qxe4 Nd7 10. d4 Nf6 11. Qd3 Bd6 12. a3 h6 13. Rd1 0-0 14. c4 Qe7 15. Be3 Rfd8 16. Qb3 Rd7 17. Bf3 Rad8 18. Rac1 Bb8 19. a4 e5 20. Re1 e4 21. Be2 Qd6 22. g3 Qe6 23. Bf1 Nh5 24. Qd1 Qg6 25. Bg2 f5 26. Rc3 Be5 27. Qb3 Bb8 28. Qc2 Nf6 29. b4 a6 30. b5 axb5 31. axb5 cxb5 32. cxb5 Nd5 33. Rc5 Nxe3 34. Rxe3 Ba7 35. Qa2+ Kh8 36. Qxa7 b6 37. Rc7 1-0

[Event "SRB-ch U14 Girls"]
[Site "Subotica"]
[Date "2014.04.18"]
[Round "2"]
[White "Stanimirovic, Ivana"]
[Black "Vujcic, Milena"]
[Result "1-0"]
[WhiteElo "1604"]
[BlackElo "1626"]
[PlyCount "71"]
[EventDate "2014.04.17"]
[EventType "swiss"]
[EventRounds "9"]
[EventCountry "SRB"]
[SourceTitle "CBM 160 Extra"]
[Source "ChessBase"]
[SourceDate "2014.07.01"]
[SourceVersion "1"]
[SourceVersionDate "2014.07.01"]
[SourceQuality "1"]

1. d4 Nf6 2. c4 g6 3. Nc3 Bg7 4. e4 d6 5. f4 e5 6. fxe5 dxe5 7. d5 0-0 8. Nf3 Nbd7 9. Be2 Re8 10. 0-0 Nc5 11. Bg5 h6 12. Bxf6 Bxf6 13. b4 Nd7 14. Qd2 Bg7 15. Ne1 Nf6 16. Nd3 Nh7 17. Qe1 f5 18. exf5 gxf5 19. Rc1 e4 20. Nf4 Qd6 21. a3 Nf8 22. Qg3 Kh7 23. Rc2 Re7 24. c5 Bd4+ 25. Kh1 Qf6 26. d6 Rd7 27. Ncd5 Qg7 28. Qxg7+ Rxg7 29. Nxc7 Rb8 30. b5 Bd7 31. c6 bxc6 32. bxc6 Be8 33. d7 Nxd7 34. Nxe8 Rxe8 35. cxd7 Rxd7 36. Bb5 1-0

[Event "Wch U14 Girls"]
[Site "Al Ain"]
[Date "2013.12.21"]
[Round "5"]
[White "Kalbani, Wadeema"]
[Black "Stanimirovic, Ivana"]
[Result "1/2-1/2"]
[WhiteElo "1493"]
[BlackElo "1592"]
[PlyCount "102"]
[EventDate "2013.12.18"]
[EventType "swiss"]
[EventRounds "11"]
[EventCountry "UAE"]
[SourceTitle "CBM 158 Extra"]
[Source "ChessBase"]
[SourceDate "2014.02.28"]
[SourceVersion "1"]
[SourceVersionDate "2014.02.28"]
[SourceQuality "1"]

1. e4 c6 2. d4 d5 3. Nc3 dxe4 4. Nxe4 Bf5 5. Ng3 Bg6 6. h4 h6 7. h5 Bh7 8. Nf3 Nf6 9. Bd3 Bxd3 10. Qxd3 e6 11. Bf4 Nbd7 12. 0-0-0 Be7 13. Kb1 0-0 14. Rhe1 Qb6 15. Nd2 c5 16. Nc4 Qa6 17. Ne5 Qxd3 18. Rxd3 cxd4 19. Nxd7 Nxd7 20. Rxd4 Nf6 21. f3 Bc5 22. Rd2 Rfd8 23. Red1 Be7 24. Be5 Nd5 25. c4 Ne3 26. Rxd8+ Bxd8 27. Rd7 Nxc4 28. Bc3 b6 29. Ne4 Bg5 30. Nxg5 hxg5 31. g4 a5 32. b3 Na3+ 33. Kb2 Nb5 34. Rb7 Nxc3 35. Kxc3 Rc8+ 36. Kd2 Rc6 37. Kd3 f6 38. a4 Kh7 39. Kd4 Kh6 40. Rf7 e5+ 41. Kd3 g6 42. hxg6 Kxg6 43. Rb7 f5 44. Rb8 Rf6 45. Rg8+ Kh6 46. Rb8 fxg4 47. fxg4 Rf3+ 48. Kc2 Rf6 49. Re8 Rf2+ 50. Kc3 Rf3+ 51. Kc2 Rf2+ 1/2-1/2

[Event "Wch U14 Girls"]
[Site "Al Ain"]
[Date "2013.12.21"]
[Round "4"]
[White "Stanimirovic, Ivana"]
[Black "Van Zyl, Charlize"]
[Result "0-1"]
[WhiteElo "1592"]
[BlackElo "1810"]
[PlyCount "98"]
[EventDate "2013.12.18"]
[EventType "swiss"]
[EventRounds "11"]
[EventCountry "UAE"]
[SourceTitle "CBM 158 Extra"]
[Source "ChessBase"]
[SourceDate "2014.02.28"]
[SourceVersion "1"]
[SourceVersionDate "2014.02.28"]
[SourceQuality "1"]

1. d4 Nf6 2. c4 g6 3. Nc3 d5 4. Bf4 c6 5. e3 Bg7 6. cxd5 Nxd5 7. Nxd5 Qxd5 8. h3 Qa5+ 9. Qd2 Qxd2+ 10. Kxd2 0-0 11. Bd3 c5 12. dxc5 Bxb2 13. Rb1 Ba3 14. Be4 Nc6 15. Ke2 Bxc5 16. Bxc6 bxc6 17. Rc1 Ba6+ 18. Kf3 Bb6 19. h4 f6 20. Bh6 Rfd8 21. Kg3 c5 22. Nf3 Bc7+ 23. Kh3 Bc8+ 24. g4 Bb7 25. Kg2 Rd2 26. Rxc5 Bb6 27. Rc3 Rxa2 28. Rd1 Rc8 29. Rdc1 Rxc3 30. Rxc3 Ba5 31. Rc1 Bb6 32. Kg3 Ra5 33. Rc4 Rd5 34. Nd4 Kf7 35. Nf3 a5 36. Ne1 Rd6 37. Nf3 e5 38. e4 Ba6 39. Ra4 Bb5 40. Ra2 Bc6 41. Nd2 Rd3+ 42. Kg2 Rc3 43. f3 a4 44. Nf1 Bb5 45. Ng3 a3 46. Bd2 Rb3 47. Bc1 Bc5 48. Nf1 Bxf1+ 49. Kxf1 Rb1 0-1

[Event "Wch U14 Girls"]
[Site "Al Ain"]
[Date "2013.12.19"]
[Round "2"]
[White "Stanimirovic, Ivana"]
[Black "Polterauer, Chiara"]
[Result "1/2-1/2"]
[WhiteElo "1592"]
[BlackElo "1882"]
[PlyCount "105"]
[EventDate "2013.12.18"]
[EventType "swiss"]
[EventRounds "11"]
[EventCountry "UAE"]
[SourceTitle "CBM 158 Extra"]
[Source "ChessBase"]
[SourceDate "2014.02.28"]
[SourceVersion "1"]
[SourceVersionDate "2014.02.28"]
[SourceQuality "1"]

1. d4 d5 2. c4 dxc4 3. e4 e5 4. d5 Nf6 5. Nc3 c6 6. Bg5 h6 7. Bxf6 Qxf6 8. Bxc4 Bc5 9. Qc2 cxd5 10. Nxd5 Qd6 11. Ne2 Nc6 12. Bb5 0-0 13. Bxc6 bxc6 14. Ndc3 Be6 15. 0-0 Rab8 16. Rfd1 Qc7 17. Rd2 f5 18. Nc1 f4 19. a3 f3 20. Nd3 Bd4 21. Rf1 fxg2 22. Kxg2 Qf7 23. f4 Qg6+ 24. Kh1 Bxc3 25. Qxc3 Qxe4+ 26. Kg1 exf4 27. Nc5 Qf5 28. Rg2 Rf7 29. Nxe6 Qxe6 30. Rxf4 Rxb2 31. Rxb2 Rxf4 32. Rb8+ Kh7 33. Qd3+ Qg6+ 34. Qxg6+ Kxg6 35. Rc8 Rc4 36. Kf1 Rc2 37. Kg1 Kf6 38. Ra8 c5 39. Rxa7 c4 40. Rc7 c3 41. a4 Ke5 42. a5 Kd4 43. a6 Ra2 44. a7 Kd3 45. Rd7+ Ke3 46. Rc7 Kd2 47. Rxg7 c2 48. Rd7+ Kc1 49. Rb7 Ra5 50. Rc7 Kb2 51. Rb7+ Ka1 52. Rc7 Kb1 53. Rb7+ 1/2-1/2

[Event "EU-ch U14 Girls 23rd"]
[Site "Budva"]
[Date "2013.10.02"]
[Round "4"]
[White "Stanimirovic, Ivana"]
[Black "Dogan, Sevval"]
[Result "1-0"]
[WhiteElo "1586"]
[BlackElo "1669"]
[PlyCount "97"]
[EventDate "2013.09.29"]
[EventType "swiss"]
[EventRounds "9"]
[EventCountry "MNE"]
[SourceTitle "EXT 2014"]
[Source "ChessBase"]
[SourceDate "2013.11.20"]
[SourceVersion "1"]
[SourceVersionDate "2013.11.20"]
[SourceQuality "1"]

1. d4 Nf6 2. c4 c5 3. d5 e6 4. Nc3 exd5 5. cxd5 Bd6 6. e4 0-0 7. Bd3 Bc7 8. Bg5 a6 9. a4 d6 10. Nge2 Nbd7 11. f4 Re8 12. 0-0 Nf8 13. Nc1 h6 14. Bh4 Ng6 15. Be1 Bb6 16. Kh1 c4 17. Bxc4 Ng4 18. Qd3 Ne3 19. Rf3 Nxc4 20. Qxc4 Bg4 21. Rf1 f5 22. h3 Bh5 23. exf5 Rc8 24. Qb4 a5 25. Qb3 Nxf4 26. Bg3 Nxh3 27. gxh3 Re3 28. Kh2 Qg5 29. Bf4 Rxh3+ 30. Kxh3 Qg4+ 31. Kh2 Bg1+ 32. Rxg1 Qxf4+ 33. Rg3 Qf2+ 34. Rg2 Qh4+ 35. Kg1 Qe1+ 36. Kh2 Re8 37. Qc4 Qe5+ 38. Kg1 Qe3+ 39. Kh2 Qe5+ 40. Rg3 Qxf5 41. Qd4 g5 42. Nd3 Bg6 43. Re1 Rf8 44. Qe4 Qf7 45. Qe6 Qxe6 46. dxe6 Bxd3 47. Rxd3 Rf2+ 48. Kg1 Rxb2 49. e7 1-0

[Event "SRB-ch U14 Girls"]
[Site "Vrnjacka Banja"]
[Date "2013.05.04"]
[Round "7"]
[White "Injac, Teodora"]
[Black "Stanimirovic, Ivana"]
[Result "0-1"]
[WhiteElo "1760"]
[BlackElo "1517"]
[PlyCount "118"]
[EventDate "2013.04.30"]
[EventType "swiss"]
[EventRounds "9"]
[EventCountry "SRB"]
[SourceTitle "CBM 154 Extra"]
[Source "ChessBase"]
[SourceDate "2013.06.25"]
[SourceVersion "2"]
[SourceVersionDate "2013.06.25"]
[SourceQuality "1"]

1. d4 d5 2. c4 c6 3. Nc3 e6 4. e4 dxe4 5. Nxe4 Nd7 6. Nf3 Ngf6 7. Ng3 Be7 8. Be2 0-0 9. 0-0 c5 10. Qc2 b6 11. Rd1 Qc7 12. Bd3 h6 13. Ne2 Bd6 14. g3 Bb7 15. Ne1 Rfd8 16. Be3 Rac8 17. f3 Re8 18. Nc3 a6 19. Rac1 cxd4 20. Bxd4 Bc5 21. Bxc5 Qxc5+ 22. Qf2 Red8 23. Be2 Qxf2+ 24. Kxf2 Ne5 25. Rxd8+ Rxd8 26. Rd1 Rxd1 27. Nxd1 Ned7 28. Nd3 Kf8 29. Nc3 Ke7 30. b4 Kd6 31. Ke3 Ne8 32. Na4 Kc6 33. Nc3 Nef6 34. Nc1 Ne8 35. Nb3 e5 36. a4 Nc7 37. Bd3 Kd6 38. a5 bxa5 39. Nxa5 Bc8 40. Ne4+ Ke6 41. Nc3 Nb6 42. Bf1 f5 43. Nb3 Ke7 44. Nc5 Be6 45. Nxe6 Kxe6 46. Bd3 Nd7 47. Na4 g5 48. Kd2 f4 49. g4 Nb8 50. Nc5+ Ke7 51. Be4 Ne6 52. Nd3 Kf6 53. Kc3 Nc7 54. Kb3 Ke6 55. Ka4 Kd6 56. Ka5 Nc6+ 57. Bxc6 Kxc6 58. Nxe5+ Kb7 59. Nd7 Ne6 0-1